000
00334nam a2200133Ia 4500
008
240624s9999 xx 000 0 und d
041
_a
eng
082
_a
823 THA
100
_a
THAROOR SHASHI
245
_a
NEHRU THE INVENTION OF INDIA
260
_c
2012
_a
New Delhi
_b
Penguin
300
_a
xi, : 226 : p. : cm. ; 20
365
_c
RS
_b
25
999
_c
20059
_d
20059